000 00344nam a2200145Ia 4500
008 230312s9999||||xx |||||||||||||| ||und||
020 _a1-4302-3933-8
082 _a658.85
_bLUC-U
100 _aPowers;Rod
245 0 _aASVAB AFQT for Dummies
260 _bApress
_aIndia
_c2014
300 _a330
650 _aComputer
_vComputer
942 _cBK
999 _c15193
_d15193